| 000 | 00599cam a2200145 4500500 | ||
|---|---|---|---|
| 005 | 20260201160356.0 | ||
| 041 | _afre | ||
| 042 | _adc | ||
| 100 | 1 | 0 |
_aMasset, Claude _eauthor |
| 245 | 0 | 0 | _aAlain Gallay, s. dir., Comment l’homme ? À la découverte des premiers Hominidés d’Afrique de l’Est, Paris, Éditions Errance/Genève, Géo-Découverte 1999, 408 p., bibl., lexique |
| 260 | _c2002. | ||
| 500 | _a100 | ||
| 786 | 0 | _nL'Homme | 161 | 1 | 2002-03-01 | p. 239zb-304zb | 0439-4216 | |
| 856 | 4 | 1 | _uhttps://shs.cairn.info/revue-l-homme-2002-1-page-239zb?lang=fr&redirect-ssocas=7080 |
| 999 |
_c1643205 _d1643205 |
||